Blink-182 (10 more songs i love) - Statistics

General Stats
  • This quiz has been taken 17 times
  • The average score is 6 of 10
Answer Stats
Hint Answer % Correct
10. (One more time) "im a punk rock kid, i came from hell with a curse" edging
92%
5. (Blink-182) "in the night we'll wish this never ends, we'll wish this never ends" i miss you
85%
3. (Enema of the state) "ill listen up, pretend to care go on ahead, i'll meet you there" dont leave me
69%
7. (Blink-182) "tears from eyes worn cold and sad, pick me up now i need you so bad" down
69%
4. (Toypaj) "he sh* sh* sh* his pants hes always f** sh* his pants" happy holidays you bastard
69%
8. (Neighbourhoods) "everyones cross to bear is a crown they wear on endless holiday" up all night
69%
2. (Dude ranch) "and it doesnt seem to matter that im lacking in the bulge" josie
62%
9. (California) "oh yeah, we all need something to live for" shes out of her mind
46%
6. (Blink-182) "and i dread the moment when you finally come to kill me" stockholm syndrome
46%
1. (Buddha) "i see the way you hurry and time runs your life" time
8%
No matching quizzes found
Score Distribution
Percent of People with Each Score
Percentile by Number Answered
Your Score History
You have not taken this quiz